000 00619nam a2200241Ia 4500
003 OSt
005 20220918183632.0
006 a|||||r|||| 00| 0
007 ta
008 220917b |||||||| |||| 00| 0 eng d
024 _a39,354
037 _cTextual
040 _aARTS
_cARTS
_beng
041 _2eng
_aeng
082 _aO15x, 111M0
100 _aNyayabali
_963227
245 0 _aSanskrit maxims and proverbs
260 _c1980
650 _aENGLISH LITERATURE
700 _a Bejai Singh Tr.
_963228
942 _hO15x, 111M0
_cTEXL
_2CC
999 _c173273
_d173273